United States Mint Locations - Statistics

General Stats
  • This quiz has been taken 14 times
  • The average score is 5 of 6
Answer Stats
State Mint % Correct
Colorado Denver
100%
Pennsylvania Philadelphia
100%
California San Francisco
100%
Louisiana New Orleans
86%
Nevada Carson City
71%
New York West Point
57%
No matching quizzes found
Score Distribution
Percent of People with Each Score
Percentile by Number Answered
Your Score History
You have not taken this quiz